[Event "Open"]
[Site "Kaikoura NZL"]
[Date "2008.11.11"]
[Round "8"]
[White "Toth,And1"]
[Black "Bennett,H"]
[Result "1-0"]
[WhiteElo "2401"]
[BlackElo "2022"]

1.d4 Nf6 2.Nf3 g6 3.c4 Bg7 4.Nc3 O-O 5.e4 d6 6.Be2 e5 7.Be3 Na6 8.dxe5 dxe5
9.O-O Ng4 10.Bg5 Qe8 11.h3 f6 12.Bd2 Nh6 13.a3 Nf7 14.b4 c6 15.c5 Nc7 16.Bc4 Be6
17.Qb3 Bxc4 18.Qxc4 Qe6 19.Qxe6 Nxe6 20.Na4 Rfd8 21.Bc3 Nfg5 22.Nxg5 Nxg5
23.Rfe1 Rd3 24.Rac1 Rad8 25.Nb2 R3d7 26.Kf1 Ne6 27.Rcd1 Kf7 28.Rxd7+ Rxd7
29.Rd1 Rxd1+ 30.Nxd1 Bh6 31.Nb2 Bf8 32.Nc4 h5 33.Ke2 Be7 34.Ke3 Bf8 35.g3 Bh6+
36.Kd3 Bf8 37.Bd2 Nd8 38.f4 Ke6 39.fxe5 fxe5 40.a4 Be7 41.Ke2 Nf7 42.Na5 Nd8
43.Kf3 Bf6 44.g4 Kf7 45.gxh5 gxh5 46.Bh6 Be7 47.Be3 Kg6 48.b5 cxb5 49.axb5 a6
50.c6 Nxc6 51.bxc6 bxc6 52.Nxc6  1-0

[Event "38th Olympiad"]
[Site "Dresden GER"]
[Date "2008.11.13"]
[Round "1"]
[White "Hernandez Carmenates,Hold"]
[Black "Sepp,O"]
[Result "1-0"]
[WhiteElo "2580"]
[BlackElo "2448"]

1.d4 Nf6 2.c4 g6 3.Nf3 Bg7 4.Nc3 O-O 5.e4 d6 6.Be2 e5 7.O-O Na6 8.Re1 Qe8
9.Bf1 Bg4 10.d5 Nb4 11.Be2 a5 12.Nh4 Bd7 13.g3 Kh8 14.Be3 Na6 15.f3 Ng8 16.Qd2 Qe7
17.Bd3 c5 18.dxc6 bxc6 19.Rad1 Be6 20.Bf1 Rfd8 21.Na4 Nc5 22.Nb6 Rab8 23.Qxa5 Bf6
24.b4 Nd7 25.Ng2 Nxb6 26.Bxb6 Rdc8 27.b5 cxb5 28.cxb5 Ra8 29.Qb4 Qb7 30.Qxd6 Rxa2
31.Rc1 Rac2 32.Rxc2 Rxc2 33.Be3 Kg7 34.Ra1 Bc4 35.Bxc4 Rxc4 36.b6 Be7 37.Qxe5+ Bf6
38.Qb5 Rc2 39.Ra7 Qc8 40.Qb3 Ne7 41.e5 Rc1+ 42.Kf2 Rc2+ 43.Kf1 Rc1+ 44.Bxc1 Qxc1+
45.Ne1 Bg5 46.f4 Bxf4 47.Rxe7  1-0

[Event "38th Olympiad"]
[Site "Dresden GER"]
[Date "2008.11.14"]
[Round "2"]
[White "Gurevich,M1"]
[Black "Belkhodja,S"]
[Result "1-0"]
[WhiteElo "2634"]
[BlackElo "2476"]

1.d4 d6 2.Nf3 Nf6 3.c4 g6 4.Nc3 Bg7 5.e4 O-O 6.Be2 e5 7.O-O exd4 8.Nxd4 Re8
9.f3 Nc6 10.Be3 Nh5 11.Qd2 Nf4 12.Bxf4 Nxd4 13.Rfe1 Nxe2+ 14.Rxe2 Be6 15.b3 Qf6
16.e5 dxe5 17.Bxe5 Qxe5 18.Rxe5 Bxe5 19.Rd1 Re7 20.Ne4 Rd7 21.Qe1 Rxd1 22.Qxd1 Re8
23.f4 Bg7 24.Ng5 c5 25.Nxe6 Rxe6 26.Qd8+ Bf8 27.g4 b6 28.Qb8 a5 29.Kf2 Kg7
30.Kf3 Rd6 31.Ke3 h6 32.h4 Re6+ 33.Kd3 Be7 34.g5 hxg5 35.hxg5 Rd6+ 36.Kc2 Re6
37.Qc7 Bf8 38.Qb7 Be7 39.Kb2 Bd6 40.Qf3 Be7 41.Ka3 Rd6 42.Ka4 Re6 43.Kb5 Bf8
44.Ka6 Be7 45.Kb7 Bf8 46.Kc7 Be7 47.Kd7 Bd6 48.Qc3+ Kg8 49.Qd2 Bf8 50.Qd5 Bg7
51.Qa8+ Kh7 52.Qb8  1-0

[Event "38th Olympiad"]
[Site "Dresden GER"]
[Date "2008.11.16"]
[Round "4"]
[White "Surbir,L"]
[Black "Al Modiahki,M"]
[Result "0-1"]
[WhiteElo "2084"]
[BlackElo "2559"]

1.c4 Nf6 2.Nc3 g6 3.d4 Bg7 4.e4 d6 5.Nf3 O-O 6.Be2 e5 7.O-O Nbd7 8.d5 Nc5
9.Qc2 a5 10.Ne1 b6 11.f3 Nh5 12.Be3 Nf4 13.Nd3 Qg5 14.Bxf4 exf4 15.Nxc5 bxc5
16.Nb5 Qe7 17.Rae1 a4 18.Kh1 Be5 19.Bd3 Kh8 20.Qf2 g5 21.g4 Rg8 22.Kg2 Rg6
23.h3 Rh6 24.Rh1 Rh4 25.Qc2 Kg7 26.Kf2 h5 27.Be2 Bd7 28.Kg2 Rh8 29.Qxa4 hxg4
30.hxg4 Bxg4 31.Rxh4 Rxh4 32.Rh1 Rxh1 33.Kxh1 Bh3 34.Qd1 g4 35.Bf1 Qh4 36.Bxh3 Qxh3+
37.Kg1 gxf3 38.Qd2 Bf6 39.Qh2 Bd4+ 40.Nxd4 Qxh2+  0-1

[Event "38th Olympiad"]
[Site "Dresden GER"]
[Date "2008.11.16"]
[Round "4"]
[White "Michel Yunis,C"]
[Black "Larrea,M"]
[Result "1/2-1/2"]
[WhiteElo "2368"]
[BlackElo "2267"]

1.d4 Nf6 2.c4 g6 3.Nc3 Bg7 4.e4 d6 5.Be2 O-O 6.Nf3 e5 7.d5 a5 8.Bg5 h6 9.Bh4 Na6
10.Nd2 Qe8 11.O-O Bd7 12.b3 Nh7 13.a3 h5 14.f3 Bh6 15.Rb1 Be3+ 16.Bf2 Bxf2+
17.Rxf2 Qb8 18.Qc2 Qa7 19.b4 axb4 20.axb4 f5 21.Nd1 Nf6 22.Bd3 f4 23.c5 dxc5
24.Bxa6 Qxa6 25.bxc5 Bb5 26.Qc3 Nd7 27.Rc1 Qa3 28.Nb3 Ra4 29.Nd2 Qxc3 30.Nxc3 Rb4
31.h4  1/2-1/2

[Event "38th Olympiad w"]
[Site "Dresden GER"]
[Date "2008.11.17"]
[Round "5"]
[White "Segarra Choer,T"]
[Black "Fuchs,Ju"]
[Result "0-1"]
[WhiteElo "1819"]
[BlackElo "2238"]

1.d4 Nf6 2.c4 g6 3.Nc3 Bg7 4.e4 d6 5.Nf3 O-O 6.Be2 e5 7.d5 a5 8.O-O Na6 9.Ne1 Nc5
10.f3 Nfd7 11.Nd3 f5 12.Be3 b6 13.a3 a4 14.Nxc5 Nxc5 15.Bxc5 bxc5 16.Nxa4 fxe4
17.fxe4 Rxf1+ 18.Bxf1 Bh6 19.Kh1 Qh4 20.Qb3 Bd7 21.g3 Bxa4 22.Qb7 Qd8 23.Be2 Qb8
24.Qxb8+ Rxb8 25.Bg4 Bc2 26.Be6+ Kh8 27.Kg2 Bxe4+ 28.Kh3 Rxb2 29.a4 Bf5+
30.g4 Bxe6 31.dxe6 Bf4 32.g5 Kg7 33.a5 Rb8 34.a6 Bxg5 35.Rf1 Bf4 36.Kg4 Kf6  0-1

[Event "38th Olympiad w"]
[Site "Dresden GER"]
[Date "2008.11.17"]
[Round "5"]
[White "Tjolsen,K"]
[Black "Abrahamyan,T"]
[Result "1/2-1/2"]
[WhiteElo "2110"]
[BlackElo "2286"]

1.Nf3 Nf6 2.c4 g6 3.Nc3 Bg7 4.e4 d6 5.d4 O-O 6.Be2 e5 7.O-O Na6 8.Be3 Ng4
9.Bg5 Qe8 10.c5 h6 11.Bh4 exd4 12.Nxd4 dxc5 13.Ndb5 Nf6 14.Bf3 g5 15.Bg3 g4
16.e5 Nh5 17.Bxg4 Nxg3 18.hxg3 Qxe5 19.Bxc8 Raxc8 20.Re1 Qg5 21.Qf3 Nb4 22.Rad1 a6
23.Ne4 Qe5 24.Ned6 Qxb2 25.Nxc8 axb5 26.Ne7+ Kh8 27.Re2 Qc3 28.Qxb7 Qc4 29.Re4 Qc2
30.Rde1 Nd3 31.R1e2 Qb1+ 32.Kh2 Qf1 33.Qxc7 Nxf2 34.Re1 Ng4+ 35.Kh3 Nf2+
36.Kh2 Ng4+ 37.Kh3 Nf2+  1/2-1/2

[Event "38th Olympiad w"]
[Site "Dresden GER"]
[Date "2008.11.17"]
[Round "5"]
[White "Zhao Xue"]
[Black "Rajlich,I"]
[Result "1-0"]
[WhiteElo "2518"]
[BlackElo "2404"]

1.d4 Nf6 2.c4 g6 3.Nc3 Bg7 4.e4 d6 5.Nf3 O-O 6.Be2 e5 7.Be3 exd4 8.Nxd4 Re8
9.f3 c6 10.Bf2 Bh6 11.O-O Nbd7 12.Nc2 Nc5 13.Re1 Nh5 14.Bf1 Ne6 15.Rb1 Nef4
16.Be3 g5 17.Qd2 Qf6 18.Rbd1 Bf8 19.Nd4 h6 20.Nf5 d5 21.cxd5 cxd5 22.Ng3 dxe4
23.Nxh5 Nxh5 24.Bb5 Re6 25.Nxe4 Qg6 26.Qd8 b6 27.Bd3 Bb7 28.Qc7 Re7 29.Qc2 Rc8
30.Nc3 Qg7 31.Kf1 g4 32.Bd4 Rxe1+ 33.Kxe1 Re8+ 34.Kf1 gxf3 35.gxf3 f6 36.Bg6 Ba6+
37.Bd3 Bc8 38.Bf5 Nf4 39.Bxc8 Rxc8 40.Be3 Bc5 41.Bxc5 bxc5 42.Qd2 Qg5 43.Ne4 Qh4
44.Qd7 Rf8 45.Qf5 Qxh2 46.Nxf6+ Rxf6 47.Rd8+ Kf7 48.Qd7+ Kg6 49.Rg8+ Kh5
50.Qg4+  1-0

[Event "38th Olympiad w"]
[Site "Dresden GER"]
[Date "2008.11.17"]
[Round "5"]
[White "Schuurman,P"]
[Black "Vasquez Ramirez,R"]
[Result "1-0"]
[WhiteElo "2324"]
[BlackElo "2284"]

1.d4 Nf6 2.c4 g6 3.Nc3 Bg7 4.e4 d6 5.Nf3 O-O 6.Be2 e5 7.Be3 Nc6 8.d5 Ne7
9.Nd2 Nd7 10.b4 f5 11.f3 f4 12.Bf2 g5 13.c5 Nf6 14.Nc4 b6 15.cxd6 cxd6 16.Nb5 Ne8
17.a4 Ba6 18.Nba3 Nf6 19.Qb3 Kh8 20.Nd2 Bxe2 21.Kxe2 g4 22.Rac1 Qd7 23.Nb5 Ne8
24.Nc4 Nc8 25.h3 g3 26.Be1 a6 27.Nc3 Qa7 28.b5 a5 29.Nd1 Nf6 30.Nd2 Ne7 31.Rc6 Rfd8
32.Nc3 Qb8 33.Nc4 Nc8 34.Bd2 Nd7 35.Bc1 Nc5 36.Qc2 Bf8 37.Ba3 Nd7 38.Rc1 Ra7
39.Nd1 Nc5 40.Ndb2 Rad7 41.Bxc5 dxc5 42.Nd3 Bg7 43.Re6 Re7 44.Ndxe5 Bxe5
45.Nxe5 Qxe5 46.Rxe5 Rxe5 47.Qd2 Rf5 48.e5  1-0

[Event "9th Open"]
[Site "Liberec CZE"]
[Date "2008.11.17"]
[Round "3"]
[White "Bartos,J"]
[Black "Braun,Mare"]
[Result "1/2-1/2"]
[WhiteElo "2203"]
[BlackElo "2053"]

1.d4 Nf6 2.Nf3 g6 3.c4 Bg7 4.Nc3 O-O 5.e4 d6 6.Be2 e5 7.dxe5 dxe5 8.Qxd8 Rxd8
9.Bg5 Re8 10.Nd5 Nxd5 11.cxd5 c6 12.Bc4 b5 13.Bb3 Bb7 14.Rc1 Rc8 15.Ke2 Nd7
16.dxc6 Bxc6 17.Nd2 Bf8 18.Be3 a5 19.a3 a4 20.Rxc6 Rxc6 21.Bd5 Rac8 22.Bxc6 Rxc6
23.f3 f6 24.Rb1 Kf7 25.Kd1 Ke6 26.Rc1 Rxc1+ 27.Kxc1 Bc5 28.Bxc5  1/2-1/2

[Event "9th Open"]
[Site "Liberec CZE"]
[Date "2008.11.17"]
[Round "4"]
[White "Plischki,S"]
[Black "Jiruse,J"]
[Result "1-0"]
[WhiteElo "2409"]
[BlackElo "2107"]

1.Nf3 Nf6 2.c4 g6 3.Nc3 Bg7 4.e4 d6 5.d4 O-O 6.Be2 e5 7.Be3 exd4 8.Nxd4 Re8
9.f3 Nc6 10.Qd2 Be6 11.O-O Ne5 12.b3 c6 13.Rac1 Qc7 14.Rfd1 Rad8 15.Bg5 Bc8
16.Bf1 Qe7 17.Qf4 Ned7 18.b4 Nf8 19.Qh4 Ne6 20.Nxe6 Qxe6 21.b5 Rd7 22.Ne2 Qe5
23.Nd4 c5 24.Ne2 b6 25.Rd2 Bb7 26.Rcd1 Red8 27.g3 Qe7 28.Bh3 Rc7 29.Qf4 h6
30.Bxh6 Bxh6 31.Qxh6 Bc8 32.Bxc8 Rcxc8 33.Nf4 Qe5 34.h4 Rd7 35.Qg5 Rcd8 36.Qxe5 dxe5
37.Nd5 Kg7 38.Kf2 Nxd5 39.Rxd5 Rxd5 40.Rxd5 Re8 41.Rd7 Ra8 42.Rd3 Kf6 43.Ke3 Ke6
44.f4 f6 45.Ra3 Kd6 46.Kf3 f5 47.Rd3+ Ke6 48.exf5+ gxf5 49.fxe5 Kxe5 50.Rd5+ Ke6
51.Kf4 a6 52.Re5+ Kd6 53.bxa6 Rxa6 54.Kxf5 Rxa2 55.Re6+ Kc7 56.h5  1-0

[Event "38th Olympiad w"]
[Site "Dresden GER"]
[Date "2008.11.22"]
[Round "9"]
[White "Owens,M"]
[Black "Stiri,A"]
[Result "0-1"]
[WhiteElo "1783"]
[BlackElo "2171"]

1.d4 Nf6 2.c4 g6 3.Nc3 Bg7 4.e4 d6 5.Nf3 O-O 6.Be2 Na6 7.O-O e5 8.dxe5 dxe5
9.Qxd8 Rxd8 10.Bg5 c6 11.Nxe5 Re8 12.f4 Nc5 13.Bf3 h6 14.Bxf6 Bxf6 15.Rad1 Bxe5
16.fxe5 Nd7 17.e6 Rxe6 18.Bg4 Re7 19.Na4 Kg7 20.Bxd7 Bxd7 21.h3 Rae8 22.Rd6 Bc8
23.Nc3 Re5 24.Rfd1 Rc5 25.Rd8 Rxd8 26.Rxd8 Be6 27.b3 b5 28.Ra8 a5 29.a3 a4
30.Nxa4 bxa4 31.Rxa4 Re5 32.Ra6 Bd7 33.Ra7 Be8 34.Kf2 Rxe4 35.Kf3 Re1 36.Ra8 Kf8
37.b4 Ke7 38.a4 Kd6 39.b5 cxb5 40.cxb5 Kc5 41.Rc8+ Kb6 42.Rb8+ Kc7 43.Ra8 Kb7
44.Rd8 h5 45.Kf4 Re7 46.Kg5 Re6 47.Rd4 f6+ 48.Kf4 Kc7 49.g4 hxg4 50.hxg4 Bd7
51.g5 f5 52.Rc4+ Kb6 53.Rd4 Bc8 54.Kg3 Bb7 55.Rd7 Be4 56.Rf7 Bc2 57.Rf6 Bb3
58.Rxe6+ Bxe6  0-1

[Event "38th Olympiad"]
[Site "Dresden GER"]
[Date "2008.11.22"]
[Round "9"]
[White "Khruschiov,A"]
[Black "Jovanovic,Zo CRO"]
[Result "0-1"]
[WhiteElo "2499"]
[BlackElo "2564"]

1.d4 d6 2.Nf3 Nf6 3.c4 g6 4.Nc3 Bg7 5.e4 O-O 6.Be2 e5 7.O-O Qe8 8.Re1 exd4
9.Nxd4 Nxe4 10.Nd5 Qd8 11.Bf3 Nxf2 12.Kxf2 Qh4+ 13.g3 Qxd4+ 14.Qxd4 Bxd4+
15.Be3 Bxe3+ 16.Rxe3 Nc6 17.Nxc7 Rb8 18.Rd1 Ne5 19.b3 Nxf3 20.Kxf3 Bd7 21.Rxd6 Bc6+
22.Kf4 Rfd8 23.Red3 Rxd6 24.Rxd6 Kf8 25.c5 a5 26.a3 Rc8 27.Nd5 Re8 28.Nc3 g5+
29.Kf5 Re3 30.Nd5 Rxb3 31.Kxg5 Rxa3 32.Rd8+ Kg7 33.Ne7 f6+ 34.Kg4 Ra4+ 35.Kh3 Be4
36.Nc8 Bf5+ 37.Kg2 Be4+ 38.Kf2 Bc6 39.Nd6 Ra2+ 40.Ke3 Rb2 41.Nc4 Rb3+ 42.Rd3 Rb5
43.Kd4 a4 44.Ra3 Rb1 45.Ra2 Rd1+ 46.Kc3 Rc1+ 47.Kd4 Rd1+ 48.Kc3 Rd5 49.Kb4 Rd4
50.Kc3 Re4 51.Nd6 Re5 52.Kb4 Kg6 53.Rc2 Re3 54.Ra2 h5 55.Rf2 Rb3+ 56.Kc4 Rb1
57.Nc8 Bb5+ 58.Kc3 Rb3+ 59.Kd4 a3 60.Ra2 Rd3+ 61.Ke4 Bc4 62.Nd6 f5+ 63.Nxf5 Rxg3
64.Ne7+ Kf7 65.Rf2+ Kxe7 66.hxg3 a2 67.Rc2 Bf7 68.Rc1 Bg6+ 69.Kd4  0-1

[Event "TCh-BEL 2008-9"]
[Site "Belgium BEL"]
[Date "2008.11.23"]
[Round "4"]
[White "Wiley,To"]
[Black "Leenhouts,K"]
[Result "1-0"]
[WhiteElo "2310"]
[BlackElo "2402"]

1.d4 Nf6 2.c4 g6 3.Nc3 Bg7 4.e4 d6 5.Nf3 O-O 6.Be2 e5 7.d5 a5 8.Bg5 Na6 9.Nd2 Qe8
10.a3 Bd7 11.b3 h6 12.Be3 Nh7 13.Rb1 f5 14.f3 Nc5 15.b4 axb4 16.axb4 Na4
17.Nxa4 Rxa4 18.O-O Ra3 19.Bf2 h5 20.Ra1 Rxa1 21.Qxa1 Bh6 22.Qc3 Nf6 23.Bd3 Bxd2
24.Qxd2 f4 25.h4 Qe7 26.Rc1 Ne8 27.c5 g5 28.c6 bxc6 29.dxc6 Bc8 30.hxg5 Qxg5
31.Qe1 h4 32.Bxh4 Qh6 33.Be7 Rf7 34.Qh4 Qg6 35.Qg5 Qxg5 36.Bxg5 Be6 37.b5 Rg7
38.Bd8 d5 39.b6 cxb6 40.exd5 Bh3 41.Rc2 b5 42.Kf1 Bc8 43.Bxb5 Bf5 44.Rd2 Nd6
45.Bd3 Ra7 46.Ke2 Kf7 47.Bxf5 Nxf5 48.d6 Ke6 49.d7 Nd4+ 50.Rxd4 exd4 51.Bb6  1-0

[Event "38th Olympiad"]
[Site "Dresden GER"]
[Date "2008.11.23"]
[Round "10"]
[White "Johansen,D"]
[Black "Braga,C"]
[Result "1/2-1/2"]
[WhiteElo "2446"]
[BlackElo "2415"]

1.Nf3 Nf6 2.c4 g6 3.Nc3 Bg7 4.e4 d6 5.d4 O-O 6.Be2 e5 7.O-O Nh5 8.g3 Bh3
9.Re1 exd4 10.Nxd4 Nf6 11.Bg5 Nc6 12.Nc2 h6 13.Be3 Ne5 14.f3 Re8 15.Bf2 h5
16.Ne3 c6 17.Bf1 Bxf1 18.Rxf1 Qa5 19.Rc1 Rad8 20.Kg2 a6 21.Qe2 b5 22.b3 bxc4
23.bxc4 Ned7 24.Qc2 Nc5 25.Rfd1 Nh7 26.Ne2 Qc7 27.Rb1 Ng5 28.Nf4 Rb8 29.h4 Nge6
30.Nxe6 Nxe6 31.Qd2  1/2-1/2

[Event "38th Olympiad"]
[Site "Dresden GER"]
[Date "2008.11.23"]
[Round "10"]
[White "Pitirotjirathon,J"]
[Black "Davletbakov,S"]
[Result "1-0"]
[WhiteElo "2293"]
[BlackElo "2145"]

1.d4 Nf6 2.c4 g6 3.Nc3 Bg7 4.e4 d6 5.Nf3 O-O 6.Be2 e5 7.O-O exd4 8.Nxd4 Re8
9.f3 c6 10.Kh1 d5 11.cxd5 cxd5 12.Bg5 h6 13.Bxf6 Qxf6 14.Nxd5 Qxd4 15.Qxd4 Bxd4
16.Nc7 Bd7 17.Nxa8 Rc8 18.Rfd1 Be3 19.Rd3 Bg5 20.Rb3 b6 21.Rc3 Bf4 22.g3 Rxc3
23.bxc3 Be5 24.f4 Bxc3 25.Rc1 Bd4 26.Nc7 Bc6 27.Nd5 Kg7 28.Bf3 Bc5 29.e5 Nd7
30.Kg2 a5 31.Nc3 Bxf3+ 32.Kxf3 Kf8 33.Ne4 Ke7 34.Nxc5 Nxc5 35.Rb1 Nd7 36.Ke3 h5
37.h3 Kd8 38.Kd4 Kc7 39.Kd5 Nb8 40.e6 fxe6+ 41.Kxe6 Nc6 42.Kf6 Nb4 43.Kxg6  1-0

[Event "38th Olympiad"]
[Site "Dresden GER"]
[Date "2008.11.23"]
[Round "10"]
[White "Vargas Serano,P"]
[Black "Heimann,An"]
[Result "0-1"]
[WhiteElo "1829"]
[BlackElo "2428"]

1.d4 Nf6 2.c4 g6 3.Nc3 Bg7 4.e4 O-O 5.Nf3 d6 6.Be2 e5 7.d5 a5 8.Bg5 h6 9.Bh4 Na6
10.a3 Bd7 11.Nd2 Qe8 12.b3 Nh7 13.O-O h5 14.f3 Bh6 15.Kh1 Be3 16.Bf2 Bxf2
17.Rxf2 Qb8 18.Qc2 Qa7 19.Rff1 Qe3 20.Rae1 Qh6 21.Rb1 h4 22.b4 axb4 23.axb4 Nf6
24.c5 Nh5 25.Bxa6 Rxa6 26.Rf2 Qe3 27.Nf1 Qg5 28.Qd2 Qxd2 29.Nxd2 Ra3 30.Nd1 Bb5
31.Nb3 b6 32.c6 Rfa8 33.Kg1 Nf4 34.Nc1 Ra1 35.Rfb2 R8a3 36.Nc3 Bd3 37.Nxd3 Nxd3
38.Rxa1 Rxa1+ 39.Rb1 Rxb1+ 40.Nxb1 Nxb4 41.Nc3 Kf8 42.Nb5 Na6 43.Kf2 Ke7
44.g3 hxg3+ 45.Kxg3 Kd8 46.Kg4 f6 47.h4 Nc5 48.h5 gxh5+ 49.Kxh5 Nb3 50.Kg4 Nd4
51.Na3 b5 52.f4 Kc8 53.fxe5 fxe5 54.Kg5 Kb8 55.Kf6 b4 56.Nc4 b3 57.Kg5 Ne2
58.Kg4 Nc3 59.Kf3 Na4 60.Nd2 b2 61.Nb1 Ka7 62.Ke3 Kb6 63.Kd2 Kc5 64.Kc2 Kd4
65.Kb3 Nc5+ 66.Kxb2 Nxe4 67.Na3 Kxd5  0-1

[Event "Young Stars of the World"]
[Site "Kirishi RUS"]
[Date "2008.11.27"]
[Round "11"]
[White "Paikidze,N"]
[Black "Kovalev,Vl"]
[Result "1/2-1/2"]
[WhiteElo "2292"]
[BlackElo "2318"]

1.d4 Nf6 2.c4 g6 3.Nc3 Bg7 4.e4 d6 5.Nf3 O-O 6.Be2 e5 7.Be3 Ng4 8.Bg5 f6
9.Bh4 g5 10.Bg3 Nh6 11.dxe5 dxe5 12.Qd5+ Kh8 13.Qxd8 Rxd8 14.Nd2 c5 15.O-O-O Nc6
16.f3 Nd4 17.Bd3 Be6 18.Nb3 b6 19.Rhe1 Nf7 20.Kb1 Nd6 21.Nxd4 cxd4 22.Nd5 Rac8  1/2-1/2

[Event "21st Belgrade Trophy"]
[Site "Obrenovac SRB"]
[Date "2008.11.27"]
[Round "1"]
[White "Laverton,C"]
[Black "Martic,I"]
[Result "0-1"]
[WhiteElo "1973"]
[BlackElo "2308"]

1.d4 Nf6 2.c4 g6 3.Nc3 Bg7 4.e4 d6 5.Nf3 O-O 6.Be2 e5 7.O-O exd4 8.Nxd4 Re8
9.f3 Nh5 10.f4 Nf6 11.Bf3 Nbd7 12.Nb3 a5 13.a4 c6 14.Be3 Nb6 15.Nd2 d5 16.cxd5 cxd5
17.e5 d4 18.Nb3 dxe3 19.Qxd8 Rxd8 20.exf6 Bxf6 21.Rfe1 Nc4 22.Nd5 Bxb2 23.Rad1 Be6
24.Nc7 Nd2 25.Nxe6 Nxf3+ 26.gxf3 Rxd1 27.Rxd1 fxe6 28.Rd3 b5 29.Rxe3 bxa4  0-1

[Event "sub-zt 2.3.4 Absoluto"]
[Site "San Andres COL"]
[Date "2008.11.27"]
[Round "4"]
[White "Saladen,R"]
[Black "Ramirez,Ca COL"]
[Result "0-1"]
[WhiteElo "2187"]
[BlackElo "2284"]

1.d4 Nf6 2.c4 g6 3.Nc3 Bg7 4.e4 d6 5.Nf3 O-O 6.Be2 e5 7.d5 a6 8.Bg5 h6 9.Bh4 Qe8
10.Nd2 Nh7 11.g4 Nd7 12.b4 Kh8 13.Nb3 Rg8 14.c5 f5 15.gxf5 gxf5 16.c6 Ndf6
17.cxb7 Bxb7 18.Na5 Bc8 19.f3 Nh5 20.Bf2 Nf4 21.Bf1 Qh5 22.Nc4 Ng5 23.Nd2 fxe4
24.Ncxe4 Bb7 25.Rc1 Rac8 26.Ng3 Qf7 27.h4 Nh7 28.Nde4 Rgf8 29.Nc3 Nxd5 30.Bc4 Nxc3
31.Rxc3 d5 32.Bb3 Qf4 33.Ne2 Qf7 34.Rg1 Rg8 35.Rg3 Bf6 36.Rc5 c6 37.Qc1 Qf8
38.Qe3 Re8 39.a3 Rxg3 40.Bxg3 Qg7 41.Ba4 Rc8 42.Kd2 Nf8 43.Rc1 d4 44.Qb3 Qe7
45.Rg1 Bg7 46.Rc1 Ne6 47.Qc4 Qf6 48.Bb3 Re8 49.Qd3 c5 50.Bxe6 Rxe6 51.Rxc5 Re8
52.Ng1 e4 53.fxe4 Bxe4 54.Qc4 d3 55.Qc1 Qg6 56.Qe1 Qf7 57.Qb1 Bh7 58.Rc7 Qd5
59.Rxg7 Qg2+ 60.Kc3 Kxg7 61.Bd6 d2 62.Qa1 Re1 63.Be5+ Rxe5 64.Kb3 Qd5+ 65.Ka4 Bc2+  0-1

[Event "21st Belgrade Trophy"]
[Site "Obrenovac SRB"]
[Date "2008.11.28"]
[Round "2"]
[White "Radosevic,N"]
[Black "Bogdanovski,V"]
[Result "0-1"]
[WhiteElo "2184"]
[BlackElo "2393"]

1.d4 Nf6 2.Nf3 d6 3.c4 g6 4.Nc3 Bg7 5.e4 O-O 6.Be2 Na6 7.O-O e5 8.dxe5 dxe5
9.h3 Nh5 10.Be3 c6 11.Qxd8 Rxd8 12.Rfd1 Re8 13.c5 Nc7 14.Nd2 Nf4 15.Bf1 Nfe6
16.Nc4 Nd4 17.Nd6 Re7 18.Rac1 Nce6 19.Bc4 Nxc5 20.Ne2 Nce6 21.Nxd4 Nxd4 22.f4 Be6
23.fxe5 Bxc4 24.Rxc4 Ne6 25.Nf5 gxf5 26.exf5 Bxe5 27.fxe6 Rxe6 28.Rd7 b6
29.b3 c5 30.b4 cxb4 31.Rxb4 Kf8 32.Ra4 a6 33.Rb7 Rb8 34.Ra7 a5 35.Bc1 Bg3
36.Bd2 Rc8 37.Rf4 Bxf4 38.Bxf4  0-1

[Event "sub-zt 2.3.4 Absoluto"]
[Site "San Andres COL"]
[Date "2008.11.28"]
[Round "5"]
[White "Ramirez,Ca COL"]
[Black "Sanchez,V"]
[Result "0-1"]
[WhiteElo "2284"]
[BlackElo "2170"]

1.d4 Nf6 2.c4 g6 3.Nc3 Bg7 4.e4 d6 5.Be2 O-O 6.Nf3 e5 7.d5 a5 8.Bg5 h6 9.Bh4 Na6
10.Nd2 Qe8 11.O-O Nc5 12.b3 Nh7 13.a3 h5 14.f3 Bh6 15.Rb1 Bd7 16.Bf2 Qe7
17.Qc2 h4 18.Kh1 h3 19.g3 f5 20.b4 axb4 21.axb4 Na4 22.Nxa4 Rxa4 23.c5 Rfa8
24.Nc4 fxe4 25.fxe4 Ra2 26.Rb2 Rxb2 27.Qxb2 Nf6 28.Qc2 Ng4 29.Bg1 Rf8 30.Qd1 Rxf1
31.Qxf1 Nf6 32.Bd3 Qf8 33.cxd6 cxd6 34.Nb6 Bg4 35.Be2 Bd2 36.b5 Bxe2 37.Qxe2 Qh6
38.Nc4 Bb4 39.Be3 Qh5 40.Qxh5 gxh5 41.Bd2 Bc5 42.Be3 Bxe3 43.Nxe3 Nxe4 44.Nc4 Kf7
45.b6 Ke7 46.Na5 Nc3 47.Kg1 Nxd5 48.Nxb7 Nxb6  0-1

[Event "21st Belgrade Trophy"]
[Site "Obrenovac SRB"]
[Date "2008.11.29"]
[Round "3"]
[White "Bozic,Mila"]
[Black "Djordjev,B"]
[Result "1-0"]
[WhiteElo "2435"]
[BlackElo "2117"]

1.Nf3 Nf6 2.d4 d6 3.c4 g6 4.Nc3 Bg7 5.e4 O-O 6.Be2 e5 7.d5 Nbd7 8.h3 Ne8
9.g4 a5 10.Bg5 f6 11.Be3 Nc5 12.Qc2 c6 13.O-O-O Qc7 14.Ne1 f5 15.f3 f4 16.Bf2 Rb8
17.g5 Bd7 18.h4 Na6 19.c5 Nxc5 20.dxc6 Be6 21.Nd5 Qf7 22.Bxc5 bxc6 23.Nf6+ Bxf6
24.Bxd6 Nxd6 25.Rxd6 Rfd8 26.Rxe6 Qxe6 27.Bc4 Rd5 28.gxf6 Rbd8 29.Nd3  1-0

[Event "21st Belgrade Trophy"]
[Site "Obrenovac SRB"]
[Date "2008.11.29"]
[Round "3"]
[White "Ratkovic,Miloj"]
[Black "Panic,A"]
[Result "1-0"]
[WhiteElo "2099"]
[BlackElo "1842"]

1.d4 Nf6 2.Nf3 g6 3.c4 Bg7 4.Nc3 O-O 5.e4 d6 6.Be2 e5 7.d5 a5 8.h3 Na6 9.Be3 c6
10.Qc2 Nc7 11.O-O-O cxd5 12.cxd5 Na6 13.g4 b6 14.g5 Nh5 15.h4 Bd7 16.Kb1 Nc5
17.Ne1 Rc8 18.Bxh5 gxh5 19.Qe2 Bg4 20.f3 Bd7 21.Nd3 b5 22.Nxc5 dxc5 23.Nxb5 Rb8
24.Na3 Qc7 25.Rc1 c4 26.Rxc4 Qb7 27.Rhc1 Qa6 28.R4c2 Qb7 29.Rc7 Bb5 30.Qd2 Bd3+
31.Ka1 Qb4 32.Qxb4 axb4 33.Nc4 f5 34.Nd2 fxe4 35.fxe4 Ra8 36.d6 Rfd8 37.Bc5 b3
38.a3 Bc2 39.d7 Kf7 40.Nc4 Ke6 41.Nb6 Rab8 42.Rc6+ Kf7 43.Rf1+ Kg8 44.Be7  1-0

[Event "21st Belgrade Trophy"]
[Site "Obrenovac SRB"]
[Date "2008.11.29"]
[Round "3"]
[White "Ratkovic,Milov"]
[Black "Kolbert,E"]
[Result "0-1"]
[WhiteElo "1985"]
[BlackElo "2189"]

1.d4 Nf6 2.Nf3 g6 3.c4 Bg7 4.Nc3 d6 5.e4 O-O 6.Be2 e5 7.d5 Na6 8.h3 Nc5 9.Qc2 a5
10.Be3 Nh5 11.g3 f5 12.Nd2 f4 13.Bxc5 fxg3 14.Bxh5 dxc5 15.Bf3 Bh6 16.Qd3 Qf6
17.Ncb1 g2 18.Rg1 Bxh3 19.Qe2 Qg5 20.a4 Rf6 21.Ra3 Raf8 22.Bxg2 Rxf2 23.Qxf2 Rxf2
24.Kxf2 Qh4+ 25.Ke2 Qg4+ 26.Kf2 Qh4+ 27.Kf1 Bd7 28.Bf3 Qh2 29.Bg2 Bg4 30.Rh1 Qf4+
31.Ke1 Bg5 32.Rb3 b6 33.Rd3 Bh5 34.Rdh3 Bh4+ 35.Rxh4 Qe3+ 36.Kf1 Be2+ 37.Ke1 Bf3+  0-1

[Event "TCh-HUN 2008-9"]
[Site "Budapest HUN"]
[Date "2008.11.30"]
[Round "3"]
[White "Chernin,A"]
[Black "Tatar Kis,S"]
[Result "1-0"]
[WhiteElo "2593"]
[BlackElo "2387"]

1.d4 Nf6 2.c4 g6 3.Nc3 Bg7 4.e4 d6 5.Nf3 O-O 6.Be2 e5 7.O-O c6 8.d5 Na6 9.Re1 Nc5
10.Qc2 cxd5 11.cxd5 Bd7 12.b4 Ncxe4 13.Nxe4 Rc8 14.Qd3 Nxe4 15.Qxe4 f5 16.Qh4 e4
17.Bg5 Qe8 18.Rab1 exf3 19.Bxf3 Be5 20.Be7 Rf7 21.Bxd6 Bxd6 22.Rxe8+ Rxe8
23.Qd4 Rfe7 24.g3 b6 25.h4 Kf7 26.Kg2 h5 27.Qd2 Re5 28.a4 Kg7 29.a5 Rf8 30.Qd4 Rf6
31.axb6 axb6 32.Ra1 Re7 33.Qxb6 f4 34.Ra6 fxg3 35.fxg3 Be5 36.Qc5 Rff7 37.d6 Re8
38.Ra7  1-0

[Event "TCh-HUN 2008-9"]
[Site "Budapest HUN"]
[Date "2008.11.30"]
[Round "3"]
[White "Hera,I"]
[Black "Ilincic,Z"]
[Result "1-0"]
[WhiteElo "2530"]
[BlackElo "2542"]

1.Nf3 Nf6 2.c4 g6 3.Nc3 Bg7 4.e4 d6 5.d4 O-O 6.Be2 e5 7.O-O Nh5 8.g3 Bh3
9.Re1 exd4 10.Nxd4 Nf6 11.Bg5 h6 12.Be3 Nbd7 13.Qd2 h5 14.f3 c6 15.Nd1 Ne5
16.Nf2 Bd7 17.Rac1 d5 18.exd5 cxd5 19.c5 Re8 20.b3 Nh7 21.Nd3 Nc6 22.Nc2 Bf5
23.Kg2 a5 24.Na3 Nb4 25.Nxb4 d4 26.Bf2 axb4 27.Nb5 d3 28.Bf1 Qd7 29.Rxe8+ Rxe8
30.Nd6 Bc3 31.Rxc3 bxc3 32.Qxc3 Bh3+ 33.Kg1 Bxf1 34.Kxf1 Re2 35.Qxd3 Rxa2
36.Qd5 Qh3+ 37.Ke1 Ra1+ 38.Kd2 Qd7 39.Bd4 Ra2+ 40.Kc3 Qe7 41.Qxb7 Qe1+ 42.Kc4 Rc2+
43.Kb5 Qe6 44.b4 Rd2 45.Bc3 Rd3 46.Qb8+ Nf8 47.Ne4 f5 48.Nf6+ Kf7 49.Be5 Qe7
50.Kc6 Ra3 51.b5 Ra7 52.Bd6  1-0

[Event "21st Belgrade Trophy"]
[Site "Obrenovac SRB"]
[Date "2008.11.30"]
[Round "4"]
[White "Pogorelov,R"]
[Black "Protsenko,R"]
[Result "1-0"]
[WhiteElo "2441"]
[BlackElo "2265"]

1.Nf3 Nf6 2.c4 g6 3.Nc3 Bg7 4.e4 d6 5.d4 O-O 6.Be2 e5 7.O-O Na6 8.Be3 Ng4
9.Bg5 Qe8 10.c5 exd4 11.Nd5 dxc5 12.Bxa6 bxa6 13.Nxc7 Qxe4 14.Nxa8 Bb7 15.Rc1 Rc8
16.b3 Bxa8 17.Re1 Qd5 18.Bf4 f6 19.Rc4  1-0

[Event "58th ch-GRE"]
[Site "Rhodes GRE"]
[Date "2008.11.30"]
[Round "1"]
[White "Filippas,S"]
[Black "Kotronias,V"]
[Result "0-1"]
[WhiteElo "2221"]
[BlackElo "2587"]

1.d4 Nf6 2.c4 g6 3.Nc3 Bg7 4.e4 d6 5.Nf3 O-O 6.Be2 e5 7.Be3 Nbd7 8.O-O Ng4
9.Bg5 Bf6 10.Bc1 exd4 11.Nxd4 Nb6 12.Bxg4 Bxg4 13.f3 Bd7 14.b3 Be5 15.Be3 f5
16.f4 Bg7 17.exf5 gxf5 18.Qd3 Qf6 19.Rac1 Rfe8 20.Ndb5 Bxb5 21.Nxb5 Qf7 22.Bf2 Re4
23.g3 Rae8 24.Rfd1 Nc8 25.Qd5 c6 26.Qxf7+ Kxf7 27.Nxd6+ Nxd6 28.Rxd6 Re2
29.Rd7+ Kg6 30.Rcd1 Rxa2 31.R1d2 Rxd2 32.Rxd2 a5 33.Rd7 Rb8 34.Bb6 Bc3 35.Kg2 Ra8
36.Rxb7 a4 37.bxa4 Rxa4 38.c5 Ra2+ 39.Kf3 Bd4 40.g4 Ra3+ 41.Kg2 fxg4 42.Rd7 Be3
43.Bc7 h5 44.Be5 Ra2+ 45.Kg3 Bf2+ 46.Kg2 Bxc5+ 47.Kg3 Bf2+ 48.Kg2 Kf5  0-1